000
00314nam a22001457a 4500
003
SGT
020
_a
978-81-7084-633-0
082
_a
615.53
_b
A15M
100
_a
MEHTA,ANIL.K
245
_a
AYURVEDA & DIETETICS
260
_a
DELHI
_b
CHAUKHAMBA PUB
_c
2015
300
_a
176
650
_a
AYURVEDA
942
_2
ddc
_c
BK
999
_c
16538
_d
16538